000 00753nas a2200253 4500
001 BR2010000644
003 BR-BrBNA
005 20231205113910.0
007 ta
008 230509b bl.|||p| |||| 00| 00por d
040 _aBR-BrBNA
_bpor
_cBiblioteca Nacional de Agricultura
041 _a(Pt)
072 _aF01
100 1 _aBarros, F.L. de S.
100 1 _aSchmildt, E.R.
100 1 _aAmaral, J.A.T. do
100 1 _aCoelho, R.I.
245 1 _aInfluência da poda em diferentes alturas no mamoeiro "Golden"
650 _aMAMÃO
650 _aPODA
773 0 _tRevista Ciência Agronômica (Brazil)
_xISSN 0045-6888
_g(Oct-Dec 2009), v. 40(4) p. 596-601
_wBR2010000644
909 _a202311
_bLúcia
_c55
_dLúcia Elande
942 _2AGRIS
_n0
_cANA
999 _c206178
_d206178